00636nam a2200145 a 450000100100000000500170001000800410002704000250006808200140009310000390010724502060014626000800035230000180043270000400045000002938020240226144733.0110415s1982 dr 000 0 spa d aDO-SdBNPbspacBNPHU axxxbJ82d1 aJorge Blanco, Salvador,d1926-201010aDiscurso de orden pronunciado en la decimoseptima promoción de bachilleres agricolas, 1o de agosto de 1982 /cSalvador Jorge Blanco ; con una presentación a cargo del Lic. Victor M. Espaillat Mera. aSanto Domingo :bInstituto Superior de Agricultura,bEditora Taller,c1982. a38 p.a20 cm.1 aVictor M. Espaillat Mera, Victor M.